Zvýšiť produkciu rastlinnej výroby Stredoslovenský KV KSS rokoval o rozvoji poľnohospodárstva

Bibliographic Details
Format: Article
Language:Slovak
Subjects:

MARC

LEADER 00000nab a2200000 a 4500
001 vtls000111988
003 SK-MaSNL
005 20260305042344.0
008 111104c1982 xo 0 slo
015 |a SNBRB19rr/mm-uuuuu 
035 |a CL0122091 
040 |a SNKBUCL  |b slo  |c SNKBUCL  |e AACR2 
041 0 |a slo 
044 |a xo  |c SK 
080 |a 329.15(437.6)KSS  |2 1981 
245 0 0 |a Zvýšiť produkciu rastlinnej výroby  |b Stredoslovenský KV KSS rokoval o rozvoji poľnohospodárstva 
610 2 7 |a Komunistická strana Slovenska  |2 snkbucl  |9 30182 
651 7 |a 5300  |2 snkbucl  |9 279425 
651 7 |a Stredoslovenský kraj (Slovensko)  |2 snkbucl  |9 161135 
655 7 |a články z novín a časopisov  |2 snkbucl  |9 267496 
773 0 |t Pravda  |g Roč. 63, č. 96 (24. 4. 1982), s. 2 
850 |a Slovenská národná knižnica v Martine  |a MTA001 
852 |a SNK  |b KIS3GCP 
958 |a RK 
992 |a RBX 
999 |c 3348632  |d 3350562